| 000 | 00572nam a22002057a 4500 | ||
|---|---|---|---|
| 003 | OSt | ||
| 005 | 20140310181938.0 | ||
| 008 | 130724t xxu||||| |||| 00| 0 eng d | ||
| 020 | _a0440226759 | ||
| 050 |
_aPQ 2288 _b.H895 1996 |
||
| 082 |
_aCLA H87h _b1996 |
||
| 100 |
_aHugo, Victor _93495 |
||
| 245 |
_aThe Hunchback of Notre- Dame / _cby Victor Hugo. |
||
| 260 |
_aNew York : _bBantam Doubleday Dell Books for Young Readers, _cc1996. |
||
| 300 |
_a280 p. : _c17 cm. |
||
| 541 | _j1 | ||
| 562 | _e1 | ||
| 650 |
_aFiction _9746 |
||
| 942 |
_2lcc _cBBK _kCLA |
||
| 999 |
_c7584 _d7584 |
||